| 000 | 00699nam a22001937a 4500 | ||
|---|---|---|---|
| 005 | 20170405153918.0 | ||
| 010 | _aENG-117634 | ||
| 020 |
_a9788184702132 _c1000.00 |
||
| 035 | _aEN-101166 | ||
| 037 | _bDABD/PUB | ||
| 082 | _a338.0951 | ||
| 245 |
_aThe Four Hundred Songs of Love: _ctranslated and annotated by George L. Hart _b An Anthology of Poems from Classical Tamil. The Akananuru / |
||
| 260 |
_aGaziabad _bInstitut Francais De Pondichery _c2015 |
||
| 300 |
_axviii,485p. _c25cm(pbk) |
||
| 490 | _aRegards sur I' Asie du Sud/South Asian Perspectives-7 | ||
| 500 | _aIncludes bibliographical references | ||
| 700 | _a Hart,George L. | ||
| 942 |
_2ddc _cEN _h881.08 _mTHE |
||
| 999 |
_c138550 _d138550 |
||